[Event "Oberfranken-ch"]
[Site "Lichtenfels"]
[Date "2014.??.??"]
[Round "7.3"]
[White "Moenius, Oliver"]
[Black "Aliyev, Rauf"]
[Result "1-0"]
[WhiteElo "1400"]
[BlackElo "1061"]
[PlyCount "39"]
[EventDate "2014.01.03"]
[EventType "swiss"]
[EventRounds "7"]
[EventCountry "GER"]
[SourceTitle "EXT 2022"]
[Source "ChessBase"]
[SourceDate "2021.10.06"]
[SourceVersion "1"]
[SourceVersionDate "2021.10.06"]
[SourceQuality "1"]

1. d4 d5 2. c4 dxc4 3. Nc3 Nf6 4. e4 e6 5. Bg5 Be7 6. Nf3 0-0 7. Bxc4 Nc6 8. 0-0 h6 9. Be3 Bb4 10. Qc2 Bxc3 11. bxc3 b6 12. Bd3 Bb7 13. Qd2 Ng4 14. Bf4 Re8 15. h3 e5 16. hxg4 exf4 17. Qxf4 Qd7 18. Bb5 Qd6 19. Qxd6 cxd6 20. d5 1-0

[Event "Oberfranken-ch U14 1213"]
[Site "Schney"]
[Date "2013.01.03"]
[Round "5"]
[White "Aliyev, Rauf"]
[Black "Dueck, Jonas"]
[Result "1-0"]
[WhiteElo "1066"]
[BlackElo "874"]
[PlyCount "51"]
[EventDate "2013.01.03"]
[EventType "swiss"]
[EventRounds "7"]
[EventCountry "GER"]
[SourceTitle "EXT 2015"]
[Source "ChessBase"]
[SourceDate "2014.11.20"]
[SourceVersion "1"]
[SourceVersionDate "2014.11.20"]
[SourceQuality "1"]

1. e4 e5 2. Nf3 Nc6 3. Bc4 d6 4. d3 g6 5. Ng5 d5 6. Bxd5 Nh6 7. h3 Be7 8. Nf3 Bf8 9. Bxc6+ bxc6 10. Nxe5 Bb7 11. 0-0 Bg7 12. Nc4 0-0 13. Nc3 Ba6 14. Qd2 c5 15. Qe3 Bd4 16. Qxh6 Bg7 17. Qd2 Qh4 18. Nd5 c6 19. Nc7 Bh6 20. Qxh6 Qxh6 21. Bxh6 Rac8 22. Bxf8 Rxc7 23. Bxc5 Bb5 24. Rfe1 Bxc4 25. dxc4 a5 26. e5 1-0

[Event "Oberfranken-ch U14 1213"]
[Site "Schney"]
[Date "2013.01.03"]
[Round "7"]
[White "Geiger, Alexander"]
[Black "Aliyev, Rauf"]
[Result "1-0"]
[WhiteElo "959"]
[BlackElo "1066"]
[PlyCount "33"]
[EventDate "2013.01.03"]
[EventType "swiss"]
[EventRounds "7"]
[EventCountry "GER"]
[SourceTitle "EXT 2015"]
[Source "ChessBase"]
[SourceDate "2014.11.20"]
[SourceVersion "1"]
[SourceVersionDate "2014.11.20"]
[SourceQuality "1"]

1. e4 e5 2. Nf3 Nc6 3. d4 exd4 4. Nxd4 Qf6 5. Nxc6 Qxc6 6. Bd3 Nf6 7. Nc3 Bb4 8. f3 Qc5 9. Bd2 Bxc3 10. Bxc3 Qb6 11. Qd2 0-0 12. e5 Nd5 13. 0-0-0 Nxc3 14. Qxc3 Qe3+ 15. Rd2 c6 16. Bxh7+ Kxh7 17. Qxe3 1-0